La gestin̤ del proceso productivo en la Industria 4.0
Introduccin̤ sobre la gestin̤ de los procesos productivos en el que se sintetiza cm̤o afecta la implementacin̤ de las nuevas tecnologa̕s en todas las fases del proceso.
Guardado en:
| Otros Autores: | |
|---|---|
| Formato: | Libro |
| Lenguaje: | español |
| Materias: | |
| Acceso en línea: | La gestin̤ del proceso productivo en la Industria 4.0 |
| Etiquetas: |
Agregar Etiqueta
Sin Etiquetas, Sea el primero en etiquetar este registro!
|
MARC
| LEADER | 00000nam a22000004a 4500 | ||
|---|---|---|---|
| 001 | vpro14799 | ||
| 005 | 20201223000000.0 | ||
| 008 | 190703s2019 ck # g## #001 0#spa#d | ||
| 020 | |||
| 022 | |||
| 040 | |a CO-BoINGC | ||
| 041 | 0 | |a spa | |
| 245 | 1 | 0 | |a La gestin̤ del proceso productivo en la Industria 4.0 |
| 246 | |a Productive process management in industry 4.0 | ||
| 264 | |a Bogot ̀(Colombia) : |b Revista VirtualPRO, |c 2019 | ||
| 520 | 3 | |a Introduccin̤ sobre la gestin̤ de los procesos productivos en el que se sintetiza cm̤o afecta la implementacin̤ de las nuevas tecnologa̕s en todas las fases del proceso. | |
| 650 | \ | \ | |a Gestin̤ industrial |
| 650 | \ | \ | |a Gestin̤ de proyectos |
| 650 | \ | \ | |a Gestin̤ de la produccin̤ |
| 650 | \ | \ | |a Industrial procurement |
| 650 | \ | \ | |a Project management |
| 650 | \ | \ | |a Production management |
| 650 | \ | \ | |a Procesos productivos |
| 650 | \ | \ | |a Tecnologa̕ |
| 650 | \ | \ | |a Industria 4.0 |
| 650 | \ | \ | |a Manufactura inteligente |
| 650 | \ | \ | |a Productive process |
| 650 | \ | \ | |a Technology |
| 650 | \ | \ | |a 4.0 Industry |
| 650 | \ | \ | |a Smart Factory |
| 700 | \ | \ | |a YouTube |
| 856 | |z La gestin̤ del proceso productivo en la Industria 4.0 |u https://virtualpro.unach.elogim.com/biblioteca/la-gestion-del-proceso-productivo-en-la-industria-4-0 | ||